Harry Potter e l'Ordine della Fenice - Capitoli - Statistics

Statistiche generali
  • Questo quiz è stato fatto 48 volte
  • Il punteggio medio è 23 su 38
Statistiche sulle risposte
Titolo % Corretto
5 L'Ordine della Fenice
91%
7 Il Ministero della Magia
82%
4 Grimmauld Place, numero dodici
77%
18 L'Esercito di Silente
77%
8 L'udienza
77%
13 Punizione con Dolores
77%
16 Alla Testa di Porco
73%
1 Dudley Dissennato
68%
3 L'Avanguardia
68%
15 L'Inquisitore Supremo di Hogwarts
68%
21 L'occhio del Serpente
68%
34 L'Ufficio Misteri
68%
30 Grop
64%
6 La nobile e antichissima Casata dei Black
64%
11 La nuova canzone del Cappello Parlante
64%
12 La professoressa Umbridge
64%
9 Le pene della Signora Weasley
64%
36 L'unico che abbia mai temuto
64%
2 Un pacco di gufi
64%
17 Decreto Didattico numero ventiquattro
59%
31 I G.U.F.O.
59%
27 Il centauro e la spia
59%
20 Il racconto di Hagrid
59%
10 Luna Lovegood
59%
35 Oltre il Velo
59%
37 La Profezia perduta
55%
22 L'Ospedale San Mungo per malattie e ferite magiche
55%
23 Natale nel reparto riservato
55%
32 Fuori dal camino
50%
28 Il peggior ricordo di Piton
50%
19 Il Serpente e il Leone
50%
38 La Seconda Guerra comincia
50%
24 Occlumanzia
50%
14 Percy e Felpato
50%
26 Visto e imprevisto
50%
25 Lo scarabeo in trappola
45%
33 Lotta e fuga
45%
29 Orientamento professionale
45%
Nessun quiz corrispondente trovato
Distribuzione punteggi
Percentuale di utenti per punteggio
Percentile per numero di risposta
I tuoi punteggi nel tempo
Non hai fatto questo quiz